<?xml version="1.0" encoding="UTF-8"?>
<collection xmlns="http://www.loc.gov/MARC21/slim">
 <record>
  <leader>01691nam a2200313 a 4500</leader>
  <controlfield tag="001">11253</controlfield>
  <controlfield tag="003">BD-DhAAL</controlfield>
  <controlfield tag="008">090910s2001    bg ab         000 0 eng d</controlfield>
  <datafield tag="010" ind1=" " ind2=" ">
   <subfield code="a">  2002295358</subfield>
  </datafield>
  <datafield tag="020" ind1=" " ind2=" ">
   <subfield code="a">9847560099</subfield>
  </datafield>
  <datafield tag="040" ind1=" " ind2=" ">
   <subfield code="a">DLC</subfield>
   <subfield code="c">DLC</subfield>
   <subfield code="d">BD-DhAAL</subfield>
  </datafield>
  <datafield tag="082" ind1="0" ind2="0">
   <subfield code="a">306.095492 </subfield>
  </datafield>
  <datafield tag="245" ind1="0" ind2="0">
   <subfield code="a">Chittagong Hill Tracts, state of environment /</subfield>
   <subfield code="c">edited by Quamrul Islam Chowdhury.</subfield>
  </datafield>
  <datafield tag="260" ind1=" " ind2=" ">
   <subfield code="a">Dhaka :</subfield>
   <subfield code="b">Forum of Environmental Journalists of Bangladesh,</subfield>
   <subfield code="c">2001.</subfield>
  </datafield>
  <datafield tag="300" ind1=" " ind2=" ">
   <subfield code="a">viii, 147 pages :</subfield>
   <subfield code="b">color illustrations, 2 folded color maps ;</subfield>
   <subfield code="c">22 cm.</subfield>
  </datafield>
  <datafield tag="520" ind1=" " ind2=" ">
   <subfield code="a">Contributed articles.</subfield>
  </datafield>
  <datafield tag="541" ind1="1" ind2=" ">
   <subfield code="a">Donated By Akbar Ali Khan</subfield>
   <subfield code="e">11253, 41270</subfield>
  </datafield>
  <datafield tag="650" ind1=" " ind2=" ">
   <subfield code="a">Social sciences.</subfield>
  </datafield>
  <datafield tag="651" ind1=" " ind2="0">
   <subfield code="a">Chittagong Hill Tracts (Bangladesh : Region)</subfield>
   <subfield code="x">Social conditions.</subfield>
  </datafield>
  <datafield tag="651" ind1=" " ind2="0">
   <subfield code="a">Chittagong Hill Tracts (Bangladesh : Region)</subfield>
   <subfield code="x">Economic conditions.</subfield>
  </datafield>
  <datafield tag="651" ind1=" " ind2="0">
   <subfield code="a">Chittagong Hill Tracts (Bangladesh : Region)</subfield>
   <subfield code="x">Environmental conditions.</subfield>
   <subfield code="9">54474</subfield>
  </datafield>
  <datafield tag="700" ind1="1" ind2=" ">
   <subfield code="a">Chowdhury, Quamrul Islam.</subfield>
   <subfield code="9">46656</subfield>
  </datafield>
  <datafield tag="710" ind1="2" ind2=" ">
   <subfield code="a">Forum of Environmental Journalists of Bangladesh.</subfield>
   <subfield code="9">46657</subfield>
  </datafield>
  <datafield tag="852" ind1="4" ind2=" ">
   <subfield code="a">Ayesha Abed Library</subfield>
   <subfield code="c">General Stacks</subfield>
  </datafield>
  <datafield tag="942" ind1=" " ind2=" ">
   <subfield code="2">ddc</subfield>
   <subfield code="c">BK</subfield>
  </datafield>
  <datafield tag="999" ind1=" " ind2=" ">
   <subfield code="c">4002</subfield>
   <subfield code="d">4002</subfield>
  </datafield>
  <datafield tag="952" ind1=" " ind2=" ">
   <subfield code="0">0</subfield>
   <subfield code="1">0</subfield>
   <subfield code="2">ddc</subfield>
   <subfield code="4">0</subfield>
   <subfield code="6">306_095492000000000_CHI_2001</subfield>
   <subfield code="7">0</subfield>
   <subfield code="9">3691</subfield>
   <subfield code="a">BRACUL</subfield>
   <subfield code="b">BRACUL</subfield>
   <subfield code="c">GEN</subfield>
   <subfield code="d">2009-10-01</subfield>
   <subfield code="g">0.00</subfield>
   <subfield code="l">5</subfield>
   <subfield code="m">12</subfield>
   <subfield code="o">306.095492 CHI</subfield>
   <subfield code="p">3010011253</subfield>
   <subfield code="r">2024-09-12</subfield>
   <subfield code="s">2024-09-04</subfield>
   <subfield code="t">1</subfield>
   <subfield code="w">2009-10-01</subfield>
   <subfield code="y">BK</subfield>
   <subfield code="x">No price found in the accession register.</subfield>
  </datafield>
  <datafield tag="952" ind1=" " ind2=" ">
   <subfield code="0">0</subfield>
   <subfield code="1">0</subfield>
   <subfield code="2">ddc</subfield>
   <subfield code="4">0</subfield>
   <subfield code="6">306_095492000000000_CHI</subfield>
   <subfield code="7">0</subfield>
   <subfield code="9">43636</subfield>
   <subfield code="a">SCL</subfield>
   <subfield code="b">SCL</subfield>
   <subfield code="c">GEN</subfield>
   <subfield code="d">2014-08-30</subfield>
   <subfield code="l">0</subfield>
   <subfield code="o">306.095492 CHI</subfield>
   <subfield code="p">3020007668</subfield>
   <subfield code="r">2014-09-01</subfield>
   <subfield code="t">2</subfield>
   <subfield code="w">2014-09-01</subfield>
   <subfield code="y">BK</subfield>
  </datafield>
  <datafield tag="952" ind1=" " ind2=" ">
   <subfield code="0">0</subfield>
   <subfield code="1">0</subfield>
   <subfield code="2">ddc</subfield>
   <subfield code="4">0</subfield>
   <subfield code="6">306_095492000000000_CHI</subfield>
   <subfield code="7">1</subfield>
   <subfield code="9">73739</subfield>
   <subfield code="a">BRACUL</subfield>
   <subfield code="b">BRACUL</subfield>
   <subfield code="c">AAKC</subfield>
   <subfield code="d">2023-06-06</subfield>
   <subfield code="e">Donated By Akbar Ali Khan</subfield>
   <subfield code="g">300.00</subfield>
   <subfield code="l">0</subfield>
   <subfield code="o">306.095492 CHI</subfield>
   <subfield code="p">3010041270</subfield>
   <subfield code="r">2023-06-06</subfield>
   <subfield code="t">3</subfield>
   <subfield code="w">2023-06-06</subfield>
   <subfield code="y">BK</subfield>
  </datafield>
 </record>
</collection>
